| 000 | 00866nas a2200301 4500 | ||
|---|---|---|---|
| 001 | BR0704042 | ||
| 003 | BR-BrBNA | ||
| 005 | 20231205111045.0 | ||
| 007 | ta | ||
| 008 | 230509b bl.|||p| |||| 00| 00por d | ||
| 040 |
_aBR-BrBNA _bpor _cBiblioteca Nacional de Agricultura |
||
| 041 | _a(Pt) | ||
| 072 | _aF01; F04 | ||
| 100 | 1 | _aTeixeira, N.T. | |
| 100 | 1 | _aVital, W.M. | |
| 100 | 1 | _aMacedo, F.B. | |
| 100 | 1 | _aAlmeida, F. | |
| 100 | 1 | _aAndrade, R.C. | |
| 245 | 1 | _aAlface cultivada em hidroponia com efluente de granja de suinocultura e biofertilizante | |
| 650 | _aHIDROPONIA | ||
| 650 | _aADUBAÇÃO ORGÂNICA | ||
| 650 | _aALFACE | ||
| 650 | _aDEJETO | ||
| 650 | _aSUÍNO | ||
| 773 | 0 |
_tEcossistema (Brazil) _xISSN 0100-4107 _g(Jan-Dec 2004), v. 29(1-2) p. 23-25 _wBR0704042 |
|
| 909 |
_a202311 _bLúcia _c55 _dLúcia Elande |
||
| 942 |
_2AGRIS _n0 _cANA |
||
| 999 |
_c190382 _d190382 |
||